00845nam a22002175a 4500008004100000020001800041040002800059082002000087100004000107245009500147260005000242300004100292650002600333651001000359653001900369655002400388700002000412942002000432999001700452952015800469150706t2012 pauo fr 000 0 eng d a9780803625402 aEG-ScBUEbengdEG-ScBUE04a610.73bWIL2221 aWilkinson, Judith M.,d1946-92032410aPocket nursing skills :bwhat you need to know now /cJudith M. Wilkinson, Lesie S. Treas. aPhiladelphia :bF. A. Davis Company,cc.2012. avii, 280 p. :bphotographs ;c10 cm. 7aNursing2BUEsh912117 2BUEsh bNNURcJuly2015 vreading book9342321 aTreas, Lesie S. 2ddck610.73 WIL c20253d20225 00102ddc40708BaccahaMAINbMAINc1STd2015-07-06epurchaseg186.00h23125l10m45o610.73 WILp000038970r2025-11-23 00:00:00s2025-11-11v233.00yBB